Dermatoses of pregnancy / (رقم التسجيلة. 18904)

تفاصيل مارك
000 -LEADER
fixed length control field 014740000a22003370004500
003 - CONTROL NUMBER IDENTIFIER
control field EG-GiCUC
005 - DATE AND TIME OF LATEST TRANSACTION
control field 20250223025716.0
008 - FIXED-LENGTH DATA ELEMENTS--GENERAL INFORMATION
fixed length control field 081227s2008 ua h f m 000 0 eng d
040 ## - CATALOGING SOURCE
Original cataloging agency EG-GiCUC
Language of cataloging eng
Transcribing agency EG-GiCUC
041 0# - LANGUAGE CODE
Language code of text/sound track or separate title Eng
049 ## - LOCAL HOLDINGS (OCLC)
Holding library Deposite
097 ## - Thesis Degree
Thesis Level M.Sc
099 ## - LOCAL FREE-TEXT CALL NUMBER (OCLC)
Classification number Cai01.11.10.M.Sc.2008.Ra.D
100 0# - MAIN ENTRY--PERSONAL NAME
Personal name Rasha Abuelwafa Zaki
245 10 - TITLE STATEMENT
Title Dermatoses of pregnancy /
Statement of responsibility, etc. Rasha Abuelwafa Zaki ; Supervised Nadia Farag Saleh , Dalia Ahmed Bassiouny
246 15 - VARYING FORM OF TITLE
Title proper/short title الامراض الجلدية فى الحمل
260 ## - PUBLICATION, DISTRIBUTION, ETC.
Place of publication, distribution, etc. Cairo :
Name of publisher, distributor, etc. Rasha Abuelwafa Zaki ,
Date of publication, distribution, etc. 2008
300 ## - PHYSICAL DESCRIPTION
Extent 129P. :
Other physical details facsimiles ;
Dimensions 25cm
502 ## - DISSERTATION NOTE
Dissertation note Thesis(M.Sc.) - Cairo University - Faculty of Medicine - Department of Dermatology and Venerology
520 ## - SUMMARY, ETC.
Summary, etc. Awareness of pregnancy - related skin changes can facilitate improved care of women during pregnancy by identifying those skin changes that require further evaluation.Women experience significant immunologic , endocrine , vascular and metabolic changes during pregnancy that can cause both physiologic and pathologic alterations in the skin , nails and hair
530 ## - ADDITIONAL PHYSICAL FORM AVAILABLE NOTE
Additional physical form available note Issued also as CD
653 #4 - INDEX TERM--UNCONTROLLED
Uncontrolled term Dermatoses
653 #4 - INDEX TERM--UNCONTROLLED
Uncontrolled term Pregnancy
653 #4 - INDEX TERM--UNCONTROLLED
Uncontrolled term Pruritic dermatoses
700 0# - ADDED ENTRY--PERSONAL NAME
Personal name Dalia Ahmed Bassiouny ,
Relator term
700 0# - ADDED ENTRY--PERSONAL NAME
Personal name Nadia Farag Saleh ,
Relator term
856 ## - ELECTRONIC LOCATION AND ACCESS
Uniform Resource Identifier <a href="http://172.23.153.220/th.pdf">http://172.23.153.220/th.pdf</a>
905 ## - LOCAL DATA ELEMENT E, LDE (RLIN)
Cataloger Fatma
Reviser Cataloger
905 ## - LOCAL DATA ELEMENT E, LDE (RLIN)
Cataloger Nazla
Reviser Revisor
942 ## - ADDED ENTRY ELEMENTS (KOHA)
Source of classification or shelving scheme Dewey Decimal Classification
Koha item type Thesis
المقتنيات
Source of classification or shelving scheme Not for loan Home library Current library Date acquired Full call number Barcode Date last seen Koha item type Copy number
Dewey Decimal Classification   المكتبة المركزبة الجديدة - جامعة القاهرة قاعة الرسائل الجامعية - الدور الاول 11.02.2024 Cai01.11.10.M.Sc.2008.Ra.D 01010110050321000 22.09.2023 Thesis  
Dewey Decimal Classification   المكتبة المركزبة الجديدة - جامعة القاهرة مخـــزن الرســائل الجـــامعية - البدروم 11.02.2024 Cai01.11.10.M.Sc.2008.Ra.D 01020110050321000 22.09.2023 CD - Rom 50321.CD
Cairo University Libraries Portal Implemented & Customized by: Eng. M. Mohamady Contacts: new-lib@cl.cu.edu.eg | cnul@cl.cu.edu.eg
CUCL logo CNUL logo
© All rights reserved — Cairo University Libraries
CUCL logo
Implemented & Customized by: Eng. M. Mohamady Contact: new-lib@cl.cu.edu.eg © All rights reserved — New Central Library
CNUL logo
Implemented & Customized by: Eng. M. Mohamady Contact: cnul@cl.cu.edu.eg © All rights reserved — Cairo National University Library